Statistics for I Know What You Did Last Summer- Shawn Mendes&Camila Cabello

Click here to take the quiz!

General Stats

  • This quiz has been taken 249 times
  • The average score is 427 of 498

Answer Stats

I Know What You Did Last Summer% Correct
know
100%
did
99%
I
99%
you
99%
last
98%
summer
98%
what
98%
me?
97%
me
97%
been
94%
tell
94%
Tell
94%
The
94%
the
94%
to
94%
where
94%
Verse 1He
93%
he
93%
she
93%
my
92%
no
92%
No
92%
you've
91%
knows
89%
that
88%
That
88%
on
87%
it
86%
coming
83%
Coming
83%
home
83%
in
83%
Just
83%
just
83%
other
83%
phone
83%
She's
83%
Does
82%
Pre-ChorusIt's
82%
it's
82%
keep
82%
not
82%
pictures
81%
secrets
81%
say?
80%
apart
79%
Dirty
79%
I've
79%
killing
79%
Look
78%
her
77%
lover
77%
skin?
77%
used
77%
all
76%
away
76%
eyes
76%
tearing
76%
There's
75%
words
74%
go
73%
hands
71%
him
71%
can't
70%
Can't
70%
won't
70%
have
69%
touched
69%
Am
68%
close
68%
let
68%
slipping
68%
hold
67%
didn't
66%
oh
66%
Oh
66%
seem
66%
hanging
65%
mean
65%
When
64%
don't
63%
and
62%
lied
59%
looks
57%
Another's
52%
as
52%
more
51%
They
51%
yeah
51%
bright
48%
die
47%
heart
47%
hope
43%
promise
43%
night
42%
Cross
41%
though
41%
time
41%
loved
37%
na
36%
one
36%
at
34%
lately
33%
Would
29%
wanna
16%

Score Distribution

Percentile by Number Answered

Percent of People with Each Score

Your Score History

You have not taken this quiz